000 00492nam a2200205Ia 4500
001 44887
005 20240114003648.0
007 ta
008 090304s a g b000 u 903 u
040 _aCotton College,Asam
041 _a903
082 _a824.31
_bM 582 Es
100 _aNichael, .
245 0 _aEssays /
_cMichael.
_hTextual Documents
300 _a458p. :
_bill. ;
_c12 cm. .
653 _aT/G-English
942 _2ddc
_cBK
999 _c44853
_d44853